00390cam a22000977a 4500008004000000082001400040245009000054260006800144300001000212700007000222180718b1956 xxu||||| |||| 00| 0 eng d aDx42 Un3s aThe security of the Middle Eastcby Reference Division, Central Office of Information aLondonbReference Division, Central Office of Informationc1956 a22+p. aUnited Kingdom. Central Office of Information. Reference Division